000 00474nam a22001817a 4500
005 20230821103458.0
008 230817b |||||||| |||| 00| 0 eng d
020 _a978-0-323-53113-9
041 _aeng
082 _a616.7 ABB-R
100 _aABBAS, ABDUL K AND KUMAR, VINAY
_98080
245 _aROBBINS & COTRAN PATHOLOGIC BASIS OF DISEASE VOL-I
250 _a10TH, ED.
260 _aHARYANA
_bELSEVIER
_c2021
300 _a1-672; p
650 _aBPT
_98081
942 _cBK
999 _c8375
_d8373